000 00906cam a22002658i 4500
001 021441241
003 OSt
005 20260211143004.0
008 240212s2024 caua b 001|0|eng|d
020 _a9781529774566 (Paperback)
_cUSD 52.00
040 _aStDuBDS
_beng
_cStDuBDS
_erda
_dNUST
050 _aJN425 FLY
100 1 _aFlynn, Norman
_eAuthor
245 1 0 _aPublic sector management /
_cNorman Flynn and Alberto Asquer.
250 _aEighth edition.
260 _aLondon :
_bSage,
_c©2024.
300 _axx, 276 pages :
_bIllustrations ;
_c25 cm.
336 _atext
_2rdacontent
_btxt
337 _aunmediated
_2rdamedia
_bn
338 _avolume
_2rdacarrier
_bnc
504 _aIncludes bibliographical references and index.
650 0 _aPublic administration
_zGreat Britain.
700 1 _aAsquer, Alberto
_eAuthor
942 _2lcc
_cBOOKS
_eEighth edition.
_hJN425 FLY
_kJN
_mFLY
_n0
999 _c172646
_d172646